000 00455nam a2200181Ia 4500
008 230524s9999 xx 000 0 und d
020 _a8131705137
082 _a621.382
_bRAB
100 _aLawrence R.Rabiner
245 0 _aDigital Processing of Speech Signals
250 _a1ST
260 _aNEW DELHI
_bPearson
_c2005
300 _aXII;525
500 _aQuantity Number: 74
650 _aElectronics
700 _a Ronald W.Schafer
942 _cBK
999 _c31802
_d31802